000 00550nam a2200217Ia 4500
003 OSt
005 20220928150129.0
006 a|||||r|||| 00| 0
007 ta
008 220927b |||||||| |||| 00| 0 eng d
024 _a88270
037 _cTextual
040 _aSDCL
_cSDCL
_beng
041 _2eng
_aeng
082 _aW:2v, K9
100 _aBraibanti Ralph Ed.
_9515439
245 0 _aPolitical and administrative development
260 _c1969
942 _hW:2v, K9
_cTEXL
_2CC
999 _c840184
_d840184